00337nam a2200121Ia 4500008004100000041000800041082000800049100003300057245006700090260003200157300000800189520001800197221007s9999 xx 000 0 und d aeng bKUM aKumawat Vrushali B (2k81087) aStudy and Analyze Functioning of Performance Management System c2010bPune UniversityaPune a65p aSonar Pranita